| 000 | 00848nam a22002177a 4500 | ||
|---|---|---|---|
| 999 |
_c20246 _d20246 |
||
| 003 | AR-CdUCM | ||
| 008 | 190226b ||||| |||| 00| 0 spa d | ||
| 040 |
_aMUNICIPALIDAD PROVINCIAL DEL CUSCO _cBIBLIOTECA MUNICIPAL DEL CUSCO |
||
| 082 |
_a330 / _bS24 |
||
| 100 |
_aSastre, Pastor _942314 |
||
| 245 |
_aEconomía política : _bPara las carreras de abogacía y ciencias económicas / |
||
| 260 |
_aBuenos Aires : _bGiordia y Rodriguez, _c1951. |
||
| 300 |
_a255 páginas ; _c23 cm. |
||
| 505 | _aContenido: La economía política -- Relaciones con otras ciencias -- Método y escuelas económicas -- Doctrinas económicas -- Leyes naturales -- Las necesidades... | ||
| 650 |
_aDoctrinas economicas _942315 |
||
| 650 |
_aMercado de valores _914966 |
||
| 650 |
_aPolítica _9291 |
||
| 650 |
_aPerú _935 |
||
| 942 |
_2ddc _cLIBROS |
||
| 945 | _arcc | ||